[Event "19th Dubai Open 2017"]
[Site "Dubai UAE"]
[Date "2017.04.11"]
[Round "9.5"]
[White "Rakhmanov,Ale"]
[Black "Santos Latasa,J"]
[Result "1-0"]
[WhiteElo "2665"]
[BlackElo "2565"]

1.d4 d5 2.c4 e6 3.Nc3 c6 4.e3 Nf6 5.Bd2 b6 6.Nf3 Bd6 7.Bd3 O-O 8.O-O Ba6 9.Qe2
Nbd7 10.e4 dxc4 11.Bxc4 Bxc4 12.Qxc4 e5 13.Rad1 Qc7 14.dxe5 Nxe5 15.Nxe5 Bxe5
16.f4 b5 17.Qe2 Bd4+ 18.Kh1 b4 19.e5 bxc3 20.bxc3 Bxe5 21.fxe5 Rfe8 22.Rde1
Re6 23.Qf3 Nd5 24.c4 Nb6 25.Re4 Rae8 26.Bg5 c5 27.Rf4 Rf8 28.Bf6 g6 29.Qh3 h5
30.Rf5 Rxf6 31.exf6 Rd8 32.Rxh5 gxh5 33.Qxh5 Rd4 34.Qg5+ Kf8 35.Re1 {#r} 1-0

[Event "19th Dubai Open 2017"]
[Site "Dubai UAE"]
[Date "2017.04.11"]
[Round "9.10"]
[White "Mareco,S"]
[Black "Narayanan,SL"]
[Result "1-0"]
[WhiteElo "2655"]
[BlackElo "2551"]

1.c4 e6 2.Nc3 d5 3.d4 c6 4.e3 Nf6 5.Nf3 Nbd7 6.Bd3 dxc4 7.Bxc4 b5 8.Bd3 Bb7
9.a3 a6 10.b4 a5 11.Rb1 axb4 12.axb4 Nd5 13.Nxd5 exd5 14.O-O Bd6 15.e4 dxe4
16.Bxe4 O-O 17.Rb3 h6 18.Bb2 Nf6 19.Bc2 Ra4 20.Rd3 Ra6 21.Ne5 Bxb4 22.Rg3 c5
23.dxc5 Qxd1 24.Rxd1 Ra2 25.Nd3 Nh5 26.Nxb4 Rxb2 27.Rb3 Rxb3 28.Bxb3 Nf6 29.c6
Bc8 30.c7 Re8 31.Rd8 Kf8 32.f3 g5 33.Nc6 Nd7 34.Na7 Nb6 35.Rd6 Na8 36.Nxc8
Nxc7 37.Na7 Re3 38.Bc2 Re2 39.Be4 b4 40.Nc6 b3 41.Nd4 Rd2 42.Ne6+ {#r} 1-0

[Event "19th Dubai Open 2017"]
[Site "Dubai UAE"]
[Date "2017.04.11"]
[Round "9.22"]
[White "Abasov,N"]
[Black "Rajesh,VA"]
[Result "1-0"]
[WhiteElo "2588"]
[BlackElo "2324"]

1.d4 Nf6 2.c4 g6 3.Nc3 d5 4.Nf3 Bg7 5.cxd5 Nxd5 6.e4 Nxc3 7.bxc3 c5 8.Be3 Qa5
9.Nd2 cxd4 10.Nc4 Qc7 11.cxd4 b5 12.Nd2 Bd7 13.Be2 O-O 14.O-O Nc6 15.Nb3 Rfb8
16.Rc1 Qd8 17.Qd2 a5 18.Rfd1 b4 19.Nc5 Be8 20.d5 Na7 21.Bf4 Rc8 22.Bg4 Bc3
23.Qe3 Qb6 24.Bxc8 Rxc8 25.Nb3 Qa6 26.e5 a4 27.Nc5 Qc4 28.Ne4 Nb5 29.d6 exd6
30.Nf6+ Kh8 31.exd6 Nxd6 32.Bxd6 {#r} 1-0

[Event "19th Dubai Open 2017"]
[Site "Dubai UAE"]
[Date "2017.04.11"]
[Round "9.27"]
[White "Kotanjian,T"]
[Black "Gomes,Mary"]
[Result "1-0"]
[WhiteElo "2469"]
[BlackElo "2316"]

1.d4 Nf6 2.c4 c5 3.d5 e6 4.Nf3 exd5 5.cxd5 d6 6.e4 a6 7.Bd3 g6 8.h3 Bg7 9.a4
O-O 10.O-O Nbd7 11.Bf4 Qe7 12.Nbd2 Nh5 13.Bh2 Bh6 14.Nc4 Nf4 15.Re1 f6 16.Bf1
Ne5 17.Nfd2 Bd7 18.Nb6 Rae8 19.Ndc4 Rf7 20.b4 cxb4 21.Qb3 a5 22.Nxa5 f5
23.Nac4 Nxc4 24.Bxc4 Ref8 25.e5 Qd8 26.a5 Re7 27.e6 Be8 28.Qxb4 g5 29.Bf1 Bh5
30.Rac1 {#r} 1-0

[Event "19th Dubai Open 2017"]
[Site "Dubai UAE"]
[Date "2017.04.11"]
[Round "9.28"]
[White "Arjun,Kalyan"]
[Black "Shyam,N"]
[Result "0-1"]
[WhiteElo "2280"]
[BlackElo "2454"]

1.e4 g6 2.d4 Bg7 3.Nc3 d6 4.Bg5 c6 5.Qd2 b5 6.f4 Nd7 7.Nf3 Nb6 8.Bd3 Nc4 9.Qc1
Qb6 10.Ne2 c5 11.c3 Na5 12.O-O Bb7 13.b3 Rc8 14.Qe3 Nf6 15.Bxf6 exf6 16.d5 O-O
17.c4 Rfe8 18.f5 bxc4 19.bxc4 Ba6 20.Rab1 Qc7 21.Nd2 Rb8 22.fxg6 hxg6 23.h4
Rxb1 24.Rxb1 f5 25.h5 fxe4 26.hxg6 f5 27.Rf1 Be5 28.Rxf5 exd3 29.Qxd3 Qe7
30.g3 Bg7 31.Kf2 Nxc4 32.Nxc4 Qxe2+ 33.Qxe2 Rxe2+ 34.Kxe2 Bxc4+ 35.Ke3 Bxa2
36.Rf7 Bxd5 37.Rxa7 Be5 38.g4 c4 39.Rc7 c3 40.Kd3 Bb3 41.Ke4 c2 42.Kf5 Bb2
43.Rc8+ Kg7 44.Rc7+ Kf8 {#R} 0-1

[Event "19th Dubai Open 2017"]
[Site "Dubai UAE"]
[Date "2017.04.11"]
[Round "9.29"]
[White "Santos Ruiz,Miguel"]
[Black "Yohan,J"]
[Result "1-0"]
[WhiteElo "2480"]
[BlackElo "2164"]

1.e4 g6 2.d4 Bg7 3.Nc3 a6 4.h4 h5 5.Be3 b5 6.Qd2 Bb7 7.f3 d6 8.O-O-O Nd7 9.Nh3
c5 10.dxc5 Nxc5 11.Ng5 Rc8 12.Bd4 Bxd4 13.Qxd4 f6 14.Nh3 Nh6 15.Nd5 Nf7 16.Be2
Ne6 17.Qe3 Nc5 18.Nhf4 Ne5 19.Kb1 e6 20.Nb4 Kf7 21.b3 Qc7 22.Rd2 Qa5 23.c3 Qc7
24.Nc2 Rhd8 25.Rhd1 Ba8 26.Nh3 Kg7 27.Nf2 Nb7 28.Kb2 Qc5 29.Nd4 Re8 30.f4 Nf7
31.Qg3 Kf8 32.f5 exf5 33.exf5 gxf5 34.Bxh5 Nbd8 35.Rc2 Qe5 36.Qg6 b4 37.Nxf5
bxc3+ 38.Kb1 Re7 39.Qg7+ Ke8 40.Nxd6+ {#r} 1-0

[Event "19th Dubai Open 2017"]
[Site "Dubai UAE"]
[Date "2017.04.11"]
[Round "9.30"]
[White "Pascua,H"]
[Black "Maisuradze,N"]
[Result "1-0"]
[WhiteElo "2441"]
[BlackElo "2273"]

1.d4 d5 2.c4 e6 3.Nc3 Be7 4.Nf3 Nf6 5.Bg5 O-O 6.e3 h6 7.Bh4 Ne4 8.Bxe7 Qxe7
9.Qc2 Nxc3 10.Qxc3 dxc4 11.Qxc4 c6 12.e4 Nd7 13.Qc3 c5 14.O-O-O cxd4 15.Nxd4
Nc5 16.f3 e5 17.Nb5 Be6 18.Kb1 Rac8 19.Qb4 a6 20.Nc3 b5 21.Be2 Qa7 22.Nd5 a5
23.Qd2 b4 24.Qe3 Qb7 25.Rc1 Na4 26.Rhd1 Rxc1+ 27.Rxc1 Rd8 28.Bc4 Bxd5 29.Bxd5
Qb8 30.Bxf7+ Kh8 31.Bb3 Nb6 32.Rc6 Rd6 33.Qc5 Rxc6 34.Qxc6 Qd8 35.Kc2 Kh7
36.Be6 a4 37.h4 a3 38.bxa3 bxa3 39.h5 Kh8 40.Bf5 Na8 41.Qc8 Qxc8+ 42.Bxc8 Nc7
43.Kb3 Nb5 44.Kb4 {#r} 1-0

[Event "19th Dubai Open 2017"]
[Site "Dubai UAE"]
[Date "2017.04.11"]
[Round "9.31"]
[White "Zarkovic,M"]
[Black "Nitin,S"]
[Result "1-0"]
[WhiteElo "2256"]
[BlackElo "2432"]

1.e4 c5 2.Nf3 d6 3.d4 cxd4 4.Nxd4 Nf6 5.Nc3 a6 6.h3 e5 7.Nf3 Be7 8.Bc4 Be6
9.Bb3 O-O 10.O-O h6 11.Qe2 Qc7 12.Rd1 Nbd7 13.Be3 Rfc8 14.Nh4 Nc5 15.Bxc5 Qxc5
16.Nf5 Bf8 17.Qf3 Nh7 18.Nd5 Ng5 19.Qg4 Kh8 20.h4 Nh7 21.Qf3 g6 22.Nfe3 h5
23.Rd3 Qa5 24.Nf6 Qc7 25.Ned5 Qd8 26.Nxh7 Kxh7 27.Nf6+ Kh6 28.g4 hxg4 29.Nxg4+
Kg7 30.Bxe6 fxe6 31.Nxe5 Qe7 32.Rxd6 Rd8 33.Rad1 {#r} 1-0

[Event "19th Dubai Open 2017"]
[Site "Dubai UAE"]
[Date "2017.04.11"]
[Round "9.33"]
[White "Laxman,R"]
[Black "Raes,A"]
[Result "0-1"]
[WhiteElo "2403"]
[BlackElo "2232"]

1.d4 Nf6 2.c4 c5 3.d5 e6 4.Nc3 exd5 5.cxd5 Bd6 6.g3 O-O 7.Bg2 Re8 8.Nf3 a6
9.a4 Bc7 10.d6 Ba5 11.O-O Nc6 12.Nd2 Nd4 13.e3 Nc6 14.Nc4 Rb8 15.Bd2 Bb4
16.Nd5 Nxd5 17.Bxd5 b5 18.axb5 axb5 19.Na3 Bxd2 20.Qxd2 Nb4 21.Bg2 Qb6 22.e4
Re6 23.Rad1 Bb7 24.Rfe1 Rbe8 25.Qg5 g6 26.Bh3 Re5 27.Qf6 Bc6 28.Nb1 Nc2 29.Re2
Nd4 30.Re3 Rxe4 31.Nd2 Ne2+ 32.Kf1 Rxe3 33.fxe3 c4 34.Qf2 c3 35.Kxe2 cxd2
36.Rxd2 Qc5 37.Bf1 b4 38.Qf4 Re4 39.Qf3 Re5 {#R} 0-1

[Event "19th Dubai Open 2017"]
[Site "Dubai UAE"]
[Date "2017.04.11"]
[Round "9.36"]
[White "Kumar,G"]
[Black "Bashirli,Nail"]
[Result "1-0"]
[WhiteElo "2172"]
[BlackElo "2369"]

1.e4 c5 2.Nf3 d6 3.d4 cxd4 4.Nxd4 Nf6 5.Nc3 a6 6.Bg5 Nbd7 7.Qe2 h6 8.Bh4 g6
9.f4 e5 10.fxe5 dxe5 11.O-O-O Qc7 12.Nb3 Bg7 13.Qc4 Qb8 14.Nc5 g5 15.Ne6 b5
16.Nxg7+ Kf8 17.Ne6+ fxe6 18.Qxe6 Rh7 19.Bf2 Rf7 20.h4 g4 21.Be3 Kg8 22.Nd5
Nxd5 23.Rxd5 Nf8 24.Qxe5 Qxe5 25.Rxe5 Bb7 26.Bd3 Nd7 27.Rh5 Rc8 28.Rxh6 Ne5
29.Kd2 Rd8 30.Ke2 Bc8 31.Rh5 Re8 32.Bd4 Rfe7 33.Rf1 g3 34.Rxe5 Rxe5 35.Bxe5
Rxe5 36.Kf3 Kf7 37.Kxg3+ Ke7 38.Rh1 Rh5 39.Kf3 Rh8 40.g4 Be6 41.g5 Bf7 42.Ke3
Ke6 43.Be2 {#r} 1-0

[Event "19th Dubai Open 2017"]
[Site "Dubai UAE"]
[Date "2017.04.11"]
[Round "9.39"]
[White "Charkhalashvili,I"]
[Black "Jaiswal,P"]
[Result "1-0"]
[WhiteElo "2362"]
[BlackElo "2219"]

1.d4 e6 2.c4 f5 3.Nc3 Nf6 4.a3 Be7 5.Nf3 d6 6.Qc2 O-O 7.g3 Qe8 8.Bg2 Qh5 9.Bf4
c6 10.b4 Nbd7 11.c5 d5 12.h4 h6 13.Na2 a5 14.b5 cxb5 15.Nc3 Nb8 16.Nxb5 Nc6
17.Rb1 Qf7 18.Ne5 Nxe5 19.Bxe5 Ne8 20.Nc3 Bf6 21.f4 Bxe5 22.fxe5 Qg6 23.Qd3
Nc7 24.Rb6 Ra6 25.Rd6 Qe8 26.O-O Bd7 27.Rxa6 Nxa6 28.Rb1 Bc6 29.Nb5 f4 30.Nd6
Qe7 31.Bh3 fxg3 32.Qxg3 Nc7 33.Qg4 Rb8 34.e3 Kh8 35.Bf1 g5 36.hxg5 hxg5 37.Bd3
Kg7 38.Qh5 Kg8 39.Rf1 Ne8 40.Rf7 {#r} 1-0

[Event "17th BCC Open 2017"]
[Site "Cha-Am THA"]
[Date "2017.04.11"]
[Round "4.6"]
[White "Schebler,G"]
[Black "Short,N"]
[Result "0-1"]
[WhiteElo "2387"]
[BlackElo "2683"]

1.d4 Nf6 2.Nf3 d5 3.Bf4 c5 4.e3 Nc6 5.c3 g6 6.h3 Bg7 7.Nbd2 Qb6 8.Qb3 c4 9.Qc2
Bf5 10.Qc1 O-O 11.Be2 Rfc8 12.O-O Qd8 13.b3 b5 14.Qb2 a6 15.Ne5 Nxe5 16.Bxe5
Ne4 17.Nxe4 Bxe5 18.Nc5 Rxc5 19.dxc5 b4 20.bxc4 Bxc3 21.Qb3 d4 22.Rad1 d3
23.Bf3 Rc8 24.a3 a5 25.Rc1 Rxc5 26.Rxc3 bxc3 27.Qxc3 e5 28.e4 Be6 29.Rd1 Bxc4
30.Be2 {#R} 0-1

[Event "17th BCC Open 2017"]
[Site "Cha-Am THA"]
[Date "2017.04.11"]
[Round "4.9"]
[White "Rozum,I"]
[Black "Puccini,Jack"]
[Result "1-0"]
[WhiteElo "2600"]
[BlackElo "2312"]

1.d4 Nf6 2.c4 g6 3.g3 Bg7 4.Bg2 O-O 5.Nc3 d6 6.Nf3 Nc6 7.O-O a6 8.d5 Na5 9.Nd2
c5 10.Qc2 Rb8 11.a4 e6 12.b3 exd5 13.cxd5 Bd7 14.Bb2 Re8 15.Nce4 Bf5 16.Nxf6+
Bxf6 17.e4 Bd7 18.Rfe1 Rc8 19.Bc3 c4 20.b4 Nb3 21.Bxf6 Qxf6 22.Nxb3 cxb3
23.Qxb3 Rc3 24.Qb2 Rec8 25.a5 Bb5 26.Rad1 Qe7 27.e5 Rc2 28.Qd4 R8c4 29.Qb6
dxe5 30.d6 Qd7 31.Rxe5 Bc6 32.Bxc6 Rxc6 33.Qe3 Rc8 34.Re7 Qg4 35.Qd4 Qxd1+
36.Qxd1 Rc1 37.Qxc1 Rxc1+ 38.Kg2 Rd1 39.Rxb7 Rxd6 40.Rb6 Rd4 41.Kf3 {#r} 1-0

[Event "17th BCC Open 2017"]
[Site "Cha-Am THA"]
[Date "2017.04.11"]
[Round "4.10"]
[White "Grigoryan,K2"]
[Black "Drummond,M"]
[Result "1-0"]
[WhiteElo "2559"]
[BlackElo "2248"]

1.e4 e6 2.Qe2 Nf6 3.e5 Nd5 4.Nf3 c5 5.g3 Nc6 6.Bg2 Be7 7.O-O O-O 8.Rd1 f6
9.exf6 Bxf6 10.Nc3 Ndb4 11.d3 d5 12.a3 Nd4 13.Nxd4 Bxd4 14.axb4 Rxf2 15.Qxf2
Bxf2+ 16.Kxf2 Qf6+ 17.Ke1 Bd7 18.Rd2 Rf8 19.Nd1 cxb4 20.Re2 b3 21.c3 Bb5
22.Nf2 Qf5 23.Bf4 Bxd3 24.Bh3 Qg6 25.Nxd3 Qxd3 26.Rd1 Qb5 27.Bxe6+ Kh8 28.Bxd5
a5 29.c4 Qc5 30.Be3 Qb4+ 31.Bd2 Qc5 32.Bc3 a4 33.Rd4 a3 34.Rg4 {#r} 1-0

[Event "17th BCC Open 2017"]
[Site "Cha-Am THA"]
[Date "2017.04.11"]
[Round "4.11"]
[White "Zhang,Ziji"]
[Black "Shomoev,A"]
[Result "0-1"]
[WhiteElo "2318"]
[BlackElo "2543"]

1.d4 g6 2.c4 Bg7 3.Nc3 c5 4.d5 d6 5.e4 e6 6.Bd3 Ne7 7.Nf3 O-O 8.O-O h6 9.Re1
Nd7 10.e5 Nxe5 11.Nxe5 dxe5 12.Be3 b6 13.Be4 exd5 14.Nxd5 Bb7 15.Bxh6 Bxh6
16.Nf6+ Kg7 17.Bxb7 Qxd1 18.Raxd1 Kxf6 19.Rd6+ Kg7 20.Bxa8 Rxa8 21.g3 Nf5
22.Rd5 Nd4 23.Kg2 Nc6 24.Rd6 Rc8 25.h4 Rc7 26.h5 gxh5 27.Rh1 f6 28.Rxh5 Kg6
29.Rh1 Bf8 30.Rd2 Nd4 31.Rh8 Kg7 32.Rh5 Kf7 33.Rh7+ Bg7 34.Rd1 Kg6 35.Rdh1 f5
36.f3 Bf6 {#R} 0-1

[Event "17th BCC Open 2017"]
[Site "Cha-Am THA"]
[Date "2017.04.11"]
[Round "4.19"]
[White "Swayams,M"]
[Black "Chin,F"]
[Result "1-0"]
[WhiteElo "2450"]
[BlackElo "2115"]

1.c4 e6 2.Nc3 d5 3.d4 c6 4.e4 dxe4 5.Nxe4 Nf6 6.Nxf6+ Qxf6 7.Nf3 Bb4+ 8.Bd2
Qe7 9.Bd3 Nd7 10.O-O Bxd2 11.Qxd2 O-O 12.Rfe1 Nf6 13.Ne5 Bd7 14.Re3 Rfd8
15.Rg3 Be8 16.Qg5 g6 17.Ng4 Kg7 18.Qh6+ Kg8 19.Rh3 Rxd4 20.Bxg6 Rxg4 21.Bxh7+
Nxh7 22.Qxh7+ Kf8 23.Qh6+ Rg7 24.Rg3 {#r} 1-0

[Event "17th BCC Open 2017"]
[Site "Cha-Am THA"]
[Date "2017.04.11"]
[Round "4.20"]
[White "Andersen,So2"]
[Black "Fang,Yan"]
[Result "0-1"]
[WhiteElo "2095"]
[BlackElo "2447"]

1.d4 Nf6 2.c4 d6 3.Nf3 g6 4.Nc3 Bf5 5.g3 Bg7 6.Bg2 Ne4 7.Nh4 Nxc3 8.bxc3 Bc8
9.O-O O-O 10.e4 c5 11.Be3 Nc6 12.Qd3 Qc7 13.f4 b6 14.Nf3 Ba6 15.Nd2 Na5 16.d5
Qd7 17.a4 f5 18.Rfe1 Rae8 19.Bf2 Kh8 20.e5 dxe5 21.fxe5 e6 22.d6 Nc6 23.a5 Bb7
24.axb6 axb6 25.Nf3 g5 26.Nxg5 Nxe5 27.Rxe5 Bxg2 28.Rxe6 Be4 29.Rxe4 fxe4
30.Qd2 h6 31.Be3 hxg5 32.Bxg5 Rf3 33.Be7 Rxe7 34.dxe7 Qxe7 35.Qd5 Rf8 36.Qh5+
Kg8 37.Qd5+ Qf7 38.Qxe4 Bxc3 39.Qg4+ Bg7 40.Rb1 Qf2+ 41.Kh1 Re8 42.Rd1 Qe2
{#R} 0-1

[Event "17th BCC Open 2017"]
[Site "Cha-Am THA"]
[Date "2017.04.11"]
[Round "4.21"]
[White "Low,Zhen Yu Cyrus"]
[Black "Armstrong,M"]
[Result "1-0"]
[WhiteElo "2441"]
[BlackElo "2100"]

1.e4 e6 2.d4 d5 3.Nc3 Bb4 4.a3 Bxc3+ 5.bxc3 dxe4 6.Qg4 Nf6 7.Qxg7 Rg8 8.Qh6
Nbd7 9.Ne2 b6 10.Ng3 Bb7 11.Be2 Qe7 12.a4 Rg6 13.Qh4 O-O-O 14.Ba3 c5 15.a5 e5
16.Qh3 Kb8 17.O-O Nd5 18.axb6 axb6 19.Bc4 Nf4 20.Qxh7 exd4 21.Qxf7 Qh4 22.Bc1
Rf6 23.Qe7 Rh8 24.Bxf4+ Rxf4 25.Qd6+ Kc8 26.h3 e3 27.Bd5 exf2+ 28.Rxf2 Rxf2
29.Bxb7+ Kxb7 30.Qxd7+ Kb8 31.Qd6+ Kb7 32.Kxf2 {#r} 1-0

[Event "17th BCC Open 2017"]
[Site "Cha-Am THA"]
[Date "2017.04.11"]
[Round "4.24"]
[White "Galas,Bernadette"]
[Black "Severino,S"]
[Result "0-1"]
[WhiteElo "2083"]
[BlackElo "2364"]

1.e4 e6 2.Nc3 d5 3.Qe2 d4 4.Nd1 e5 5.g3 c5 6.d3 Nc6 7.Bg2 Be6 8.Nf3 f6 9.a3
Bd6 10.Nd2 Qd7 11.b3 Nge7 12.Nc4 Bc7 13.a4 Nb4 14.f3 O-O-O 15.Nf2 g5 16.Ba3 h5
17.O-O-O Na2+ 18.Kb2 Nc3 19.Qd2 Nxd1+ 20.Rxd1 b6 21.Qe1 Nc6 22.Kb1 Kb7 23.Bc1
a6 24.Bd2 b5 25.Nb2 Rb8 26.Bf1 Ka7 27.f4 g4 28.Bc1 Rb7 29.Qe2 Rhb8 30.axb5
axb5 31.fxe5 fxe5 32.Bg2 Ba5 33.Bd2 Qd8 34.Rf1 Bb4 35.Bxb4 Nxb4 36.Nfd1 Ra8
37.Qf2 Rf7 38.Qd2 Rxf1 39.Bxf1 Qf6 40.Bg2 Kb6 {#R} 0-1

[Event "17th BCC Open 2017"]
[Site "Cha-Am THA"]
[Date "2017.04.11"]
[Round "4.30"]
[White "Miciano,John Marvin"]
[Black "Jerie,Sven"]
[Result "1-0"]
[WhiteElo "2267"]
[BlackElo "2058"]

1.e4 e5 2.Nf3 Nc6 3.Bb5 a6 4.Ba4 Nf6 5.O-O Be7 6.Re1 b5 7.Bb3 d6 8.c3 O-O 9.h3
Na5 10.Bc2 c5 11.d4 Qc7 12.Nbd2 cxd4 13.cxd4 Nc6 14.Bb1 exd4 15.Nb3 d3 16.Bxd3
Ne5 17.Bf4 Nfd7 18.Rc1 Qb6 19.Bb1 Bf6 20.Be3 Qb8 21.Nfd2 Nb6 22.Na5 Bd7 23.Bd4
Rc8 24.Rxc8+ Bxc8 25.f4 Ned7 26.e5 dxe5 27.fxe5 Bd8 28.Qh5 Nf8 29.Ne4 Qc7
30.Nf6+ Bxf6 31.exf6 Be6 32.Qg5 Ng6 33.Bxg6 hxg6 34.fxg7 Qd6 35.Bf6 {#r} 1-0

[Event "17th BCC Open 2017"]
[Site "Cha-Am THA"]
[Date "2017.04.11"]
[Round "4.32"]
[White "Korth,D"]
[Black "Sajjapornthep,Jarunpol"]
[Result "0-1"]
[WhiteElo "2239"]
[BlackElo "1929"]

1.d4 f5 2.g3 Nf6 3.Bg2 d5 4.c4 e6 5.Nh3 Bb4+ 6.Bd2 Bxd2+ 7.Nxd2 O-O 8.O-O Nc6
9.e3 Ne4 10.f3 Nf6 11.Nf4 b6 12.Qc2 Ne7 13.Rac1 c6 14.b4 Bd7 15.b5 cxb5
16.cxb5 g5 17.Nd3 Bxb5 18.Qb1 Ba6 19.Rc3 g4 20.Rfc1 Bxd3 21.Qxd3 gxf3 22.Nxf3
Qd6 23.Qa6 Ng4 24.h3 Qxg3 25.hxg4 fxg4 {#R} 0-1

[Event "17th BCC Open 2017"]
[Site "Cha-Am THA"]
[Date "2017.04.11"]
[Round "4.33"]
[White "Vatsal,Singhania"]
[Black "Sekar,B"]
[Result "1-0"]
[WhiteElo "2002"]
[BlackElo "2225"]

1.e4 c5 2.Nf3 d6 3.d4 cxd4 4.Nxd4 Nf6 5.Nc3 a6 6.Be3 e5 7.Nb3 Be7 8.Be2 O-O
9.O-O Be6 10.Qd3 Nbd7 11.Nd5 Bxd5 12.exd5 Rc8 13.c4 Ne8 14.Qd2 b6 15.a4 a5
16.f4 Bf6 17.f5 Nc5 18.Nxc5 dxc5 19.Rae1 Nd6 20.b3 Re8 21.Bd3 h6 22.Bc2 e4
23.Rf4 Qd7 24.Ref1 Re5 25.Qf2 Rce8 26.h4 Kf8 27.g4 Qd8 28.Qh2 Bxh4 29.f6 Bg5
30.fxg7+ Kxg7 31.Kf2 f6 32.Ke2 Nf7 33.R4f2 Qc7 34.Qg3 Bxe3 35.Kxe3 Ng5 36.Rxf6
Nf3 37.Qf4 Qe7 38.Qxh6+ {#r} 1-0

[Event "LXIII Mexican Open 2017"]
[Site "Leon MEX"]
[Date "2017.04.11"]
[Round "1.1"]
[White "Cordova,E"]
[Black "Lopez Rueda,Juan Pablo"]
[Result "1-0"]
[WhiteElo "2645"]
[BlackElo "2001"]
[EventType "swiss"]

1.e4 c5 2.Bc4 Nc6 3.Nf3 e6 4.O-O a6 5.Re1 d6 6.c3 Nf6 7.d4 b5 8.Bf1 Be7 9.a4
Rb8 10.axb5 axb5 11.dxc5 dxc5 12.Qxd8+ Nxd8 13.Bf4 Rb7 14.Ra5 Bd7 15.Ne5 c4
16.Nxd7 Nxd7 17.Na3 e5 18.Be3 Bxa3 19.bxa3 O-O 20.Rb1 Nc6 21.Raxb5 Rxb5
22.Rxb5 Ra8 23.Rb7 Nf6 24.f3 h6 25.Bc5 Ra5 26.Bb4 Nxb4 27.axb4 Ra3 28.Bxc4
Rxc3 29.Bxf7+ Kf8 30.Bg6 {#r} 1-0

[Event "LXIII Mexican Open 2017"]
[Site "Leon MEX"]
[Date "2017.04.11"]
[Round "1.2"]
[White "Cervantes Bello,Gabriel"]
[Black "Gonzalez Vidal,Y"]
[Result "0-1"]
[WhiteElo "2000"]
[BlackElo "2534"]
[EventType "swiss"]

1.c4 Nf6 2.Nf3 e6 3.g3 d5 4.Bg2 dxc4 5.Qa4+ c6 6.Qxc4 b5 7.Qc2 Bb7 8.d4 Nbd7
9.O-O Be7 10.Rd1 Rc8 11.Ne5 O-O 12.Nc3 Nxe5 13.dxe5 Nd5 14.Ne4 c5 15.Bf4 h6
16.Qd2 Qc7 17.Nf6+ Bxf6 18.exf6 Nxf4 19.fxg7 Rfd8 20.Qxf4 Qxf4 21.gxf4 Bxg2
22.Kxg2 Kxg7 23.e4 c4 24.Kf3 Kf6 25.Ke3 a6 26.f3 Rxd1 27.e5+ Kf5 28.Rxd1 c3
29.b3 c2 30.Rc1 b4 {#R} 0-1

[Event "LXIII Mexican Open 2017"]
[Site "Leon MEX"]
[Date "2017.04.11"]
[Round "1.3"]
[White "Gonzalez Zamora,J"]
[Black "Wences Tototzin,I"]
[Result "1-0"]
[WhiteElo "2517"]
[BlackElo "2000"]
[EventType "swiss"]

1.Nf3 d5 2.c4 c6 3.Qc2 Nf6 4.g3 e6 5.Bg2 Nbd7 6.O-O Bd6 7.d4 O-O 8.Nbd2 Re8
9.Rd1 b6 10.e4 dxe4 11.Nxe4 Nxe4 12.Qxe4 Qc7 13.Ng5 Nf6 14.Qxc6 Rb8 15.Qxc7
Bxc7 16.b3 Bb7 17.a4 Bxg2 18.Kxg2 h6 19.Nf3 Red8 20.Bb2 Bd6 21.d5 Ne4 22.dxe6
fxe6 23.Re1 Nc5 24.Re3 a5 25.Nd4 Re8 26.Nb5 Rbd8 27.Rae1 Kf7 28.Bd4 Re7 29.h4
g6 30.Rf3+ Ke8 31.Bf6 {#r} 1-0

[Event "LXIII Mexican Open 2017"]
[Site "Leon MEX"]
[Date "2017.04.11"]
[Round "1.4"]
[White "Alarcon Morales,Elvira"]
[Black "Hernandez Guerrero,G"]
[Result "0-1"]
[WhiteElo "1996"]
[BlackElo "2499"]
[EventType "swiss"]

1.e4 c5 2.c3 Nf6 3.e5 Nd5 4.d4 cxd4 5.cxd4 e6 6.Nc3 Nxc3 7.bxc3 Qc7 8.Bd2 d6
9.Nf3 Nd7 10.exd6 Bxd6 11.Bd3 b6 12.Qe2 Bb7 13.h3 O-O 14.O-O Rac8 15.a4 Bf4
16.Be1 e5 17.Bf5 e4 18.Ne5 Nxe5 19.dxe5 Rce8 20.e6 g6 21.Qg4 Kh8 22.exf7 Rxf7
23.Be6 Rf6 24.Bb3 e3 25.Ra2 h5 26.Qd1 Rd6 27.Qc1 exf2+ 28.Bxf2 Bxc1 29.Bd4+
Rxd4 {#R} 0-1

[Event "LXIII Mexican Open 2017"]
[Site "Leon MEX"]
[Date "2017.04.11"]
[Round "1.6"]
[White "Martinez Rodriguez,Miguel"]
[Black "Ruiz Sanchez,O"]
[Result "0-1"]
[WhiteElo "1979"]
[BlackElo "2455"]
[EventType "swiss"]

1.e4 c5 2.Nf3 d6 3.Bb5+ Nd7 4.O-O Nf6 5.Re1 a6 6.Bxd7+ Bxd7 7.d4 cxd4 8.Nxd4
e6 9.Nc3 Be7 10.Bg5 O-O 11.Qf3 Qb6 12.Rad1 Rac8 13.Nb3 Qc7 14.Qg3 Rfd8 15.Rd3
b5 16.Rf3 Kf8 17.Qh4 b4 18.e5 dxe5 19.Bxf6 Bxf6 20.Qxb4+ Be7 21.Qe4 f5 22.Qxe5
Bd6 23.Qe2 Bxh2+ 24.Kh1 Bf4 25.Qxa6 Bc6 26.Rd3 Qe7 27.Red1 Qh4+ 28.Kg1 Qh2+
29.Kf1 Qxg2+ 30.Ke2 Re8 31.Nd4 Bd5 32.Rf1 Bc4 33.Qa3+ Kg8 34.Ncb5 Bxb5 {#R}
0-1

[Event "LXIII Mexican Open 2017"]
[Site "Leon MEX"]
[Date "2017.04.11"]
[Round "1.7"]
[White "Fernandez Cardoso,A"]
[Black "Beltran Medina,J"]
[Result "1-0"]
[WhiteElo "2445"]
[BlackElo "1978"]
[EventType "swiss"]

1.e4 e6 2.d4 d5 3.Nd2 Nf6 4.e5 Nfd7 5.f4 c5 6.Ngf3 Nc6 7.Nb3 cxd4 8.Nbxd4 Bc5
9.c3 Qb6 10.a3 Ndb8 11.b4 Nxd4 12.cxd4 Be7 13.Bd3 Bd7 14.O-O Bb5 15.f5 Bxd3
16.Qxd3 O-O 17.f6 gxf6 18.Bh6 Nc6 19.Kh1 Rfe8 20.Ng5 fxg5 21.Rxf7 {#r} 1-0

[Event "LXIII Mexican Open 2017"]
[Site "Leon MEX"]
[Date "2017.04.11"]
[Round "1.8"]
[White "Casillas Pellat,J"]
[Black "Otero Acosta,D"]
[Result "0-1"]
[WhiteElo "1977"]
[BlackElo "2438"]
[EventType "swiss"]

1.e4 c5 2.Nf3 e6 3.d4 cxd4 4.c3 Nf6 5.e5 Nd5 6.Nxd4 Qc7 7.f4 a6 8.Bd3 b5 9.a4
bxa4 10.Rxa4 Bb7 11.Qe2 Bc5 12.O-O Nc6 13.Nd2 Ndb4 14.Bb1 Nxd4 15.cxd4 Bxd4+
16.Kh1 a5 17.Ne4 Ba6 18.Qf3 Bxf1 19.Qxf1 O-O 20.Bd2 f5 21.exf6 Bxf6 22.Qf3
Rac8 23.h4 Bxb2 24.Ng5 h6 25.Qe4 hxg5 26.Qh7+ Kf7 27.Bg6+ Ke7 28.Rxb4 axb4
29.Qh5 Qc5 30.fxg5 Rf1+ 31.Kh2 Be5+ 32.Kh3 Qc3+ 33.Bxc3 Rxc3+ {#R} 0-1

[Event "18th ch-EUR Indiv w 2017"]
[Site "Riga LAT"]
[Date "2017.04.11"]
[Round "1.4"]
[White "Mamedjarova,T"]
[Black "Dzagnidze,N"]
[Result "0-1"]
[WhiteElo "2267"]
[BlackElo "2528"]

1.d4 d5 2.Nf3 Nf6 3.c4 e6 4.Nc3 c6 5.Bg5 h6 6.Bh4 dxc4 7.e4 g5 8.Bg3 b5 9.Qc2
Bb7 10.Be2 Nbd7 11.O-O Nh5 12.Rad1 Nxg3 13.fxg3 Bg7 14.e5 O-O 15.h4 gxh4
16.gxh4 Qe7 17.Ne4 c5 18.Nd6 Bxf3 19.Bxf3 cxd4 20.Rxd4 Rab8 21.Bh5 Nxe5 22.Qe4
Rbd8 23.Nxb5 Qc5 24.a4 Rxd4 25.Nxd4 Nd3 {#R} 0-1

[Event "18th ch-EUR Indiv w 2017"]
[Site "Riga LAT"]
[Date "2017.04.11"]
[Round "1.5"]
[White "Stefanova,A"]
[Black "Zaksaite,S"]
[Result "1-0"]
[WhiteElo "2527"]
[BlackElo "2262"]

1.Nf3 Nf6 2.c4 g6 3.Nc3 d5 4.Qa4+ Bd7 5.Qb3 dxc4 6.Qxc4 Bg7 7.e4 c6 8.d4 b5
9.Qd3 O-O 10.Be2 c5 11.e5 Ng4 12.dxc5 Nc6 13.Nxb5 Ncxe5 14.Nxe5 Nxe5 15.Qa3
Bc6 16.O-O Qd5 17.f3 Bxb5 18.Bxb5 Rab8 19.Be2 Nc4 20.Bxc4 Qxc4 21.Rb1 Rfd8
22.Be3 Qe2 23.Rfe1 Bxb2 24.Qxa7 Qc2 25.Qxe7 Re8 26.Qg5 Re5 27.Qg3 Rbe8 28.Qf2
Qxf2+ 29.Bxf2 Bc3 {#r} 1-0

[Event "18th ch-EUR Indiv w 2017"]
[Site "Riga LAT"]
[Date "2017.04.11"]
[Round "1.11"]
[White "Javakhishvili,L"]
[Black "Ivanenko,O2"]
[Result "1-0"]
[WhiteElo "2456"]
[BlackElo "2252"]

1.d4 Nf6 2.c4 c5 3.d5 e5 4.Nc3 d6 5.e4 Be7 6.g3 Nbd7 7.Bg2 h5 8.h4 Nf8 9.Nh3
Ng4 10.f3 Nh6 11.Be3 f6 12.Qd2 Nf7 13.f4 Nh6 14.f5 Ng4 15.Nf2 Nxe3 16.Qxe3 Kf7
17.Qe2 Kg8 18.Bf3 a6 19.g4 hxg4 20.Nxg4 Nh7 21.Rg1 Kf7 22.O-O-O Bf8 23.Rg3 Ke8
24.Nf2 Kd7 25.Nd3 Kc7 26.b4 b6 27.bxc5 bxc5 28.Qb2 Rb8 29.Qa3 Kb7 30.Rd2 Ka8
31.Rgg2 Rg8 32.Bd1 g6 33.Rxg6 Rxg6 34.fxg6 Bh6 35.gxh7 Qh8 36.Ba4 Qxh7 37.Bc6+
Ka7 38.Nb5+ Rxb5 39.cxb5 Qxe4 40.Qa5 Bxd2+ 41.Kxd2 Qg2+ 42.Kc3 Qg7 43.Qd8 e4
44.b6+ {#r} 1-0